|
|
|
|
| LEADER |
00865ncm a22002172a 4500 |
| 001 |
001250700 |
| 003 |
CZ BrMZK |
| 005 |
20120920100201.0 |
| 007 |
qu |
| 008 |
120920s1895 gw |||||||||||||||||ger d |
| 040 |
|
|
|a BOA001
|b cze
|
| 072 |
|
7 |
|a 784
|x Vokální hudba
|2 Konspekt
|9 9
|
| 100 |
1 |
|
|a Abt, Franz,
|d 1819-1885
|7 mzk2003198298
|4 cmp
|
| 245 |
1 |
0 |
|a Rothkäppochen, Op. 526
|h [hudebnina] :
|b ein Cyklus von neun durch Declamation verbundenen Gesängen : für zwei Soprane und Alt mit begl. des Pianoforte /
|c Franz Abt ; Dichtung nach dem bekannten Märchen von Hermann Francke
|
| 260 |
|
|
|a Offenbach a. M. :
|b André,
|c [1895?]
|
| 300 |
|
|
|a 53 s.
|
| 700 |
1 |
|
|a Francke, Hermann
|7 mzk2011652217
|4 lyr
|
| 910 |
|
|
|a BOA001
|b Mus4-0548.541
|
| 990 |
|
|
|a MU
|
| 991 |
|
|
|b 201209
|
| 996 |
6 |
|
|b 2619099307
|c Mus4-0548.541
|l MZK
|r Sklad / do 1 hodiny
|n 0
|p W
|w 001284765
|u 000010
|a 1
|e BOA001
|j MZK50
|s P
|